000 00441nam a2200169Ia 4500
008 230524s9999 xx 000 0 und d
020 _a0333936585X
082 _a541.3
_bKAP
100 _aK.L.Kapoor
245 2 _aA Text Book of Physical Chemistry Vol-3: (Application of Thermodynamics)
250 _a2ND
260 _aNEW DELHI
_bMacmillan
_c2001
300 _a570
500 _aQuantity Number: 9
650 _aChemistry
942 _cBK
999 _c1433
_d1433